000 00280nam a2200109Ia 4500
008 230907s9999||||xx |||||||||||||| ||und||
082 _a5.1
_bTSU
100 _aTsui, Frank F.,
_994517
245 0 _aEssentials of software engineering /
300 _axvii, 333 pages ;
942 _cBK
999 _c599998
_d599998